Những điều cần biết về tuyển sinh trung cấp chuyên nghiệp năm 2011

Bewaard in:
Bibliografische gegevens
Hoofdauteur: Bộ giáo dục và đào tạo
Formaat: Boek
Taal:Vietnamese
Gepubliceerd in: Giáo dục VN 2011
Tags: Voeg label toe
Geen labels, Wees de eerste die dit record labelt!
Thư viện lưu trữ: Mạng thư viện Đại học Đà Nẵng
LEADER 00695nam a2200277 4500
001 000025617
003 1180
005 20150325120000.0
008 150325s vm 000 vie
020 |c 29000,0000 
040 |a notts 
100 |a Bộ giáo dục và đào tạo 
245 |a Những điều cần biết về tuyển sinh trung cấp chuyên nghiệp năm 2011 
260 |b Giáo dục VN  |c 2011 
300 |a 400tr. ; 
OWN |a LTT 
999 |a From the UDN01 
TYP |a Monograph 
TYP |a Printed language 
980 |a Mạng thư viện Đại học Đà Nẵng